The light and the dark : (Record no. 18584)
[ view plain ]
| 000 -LEADER | |
|---|---|
| fixed length control field | 00738cam a22002531 4500 |
| 001 - CONTROL NUMBER | |
| control field | 18584 |
| 003 - CONTROL NUMBER IDENTIFIER | |
| rucl marc code | BD-RjUL |
| 005 - DATE AND TIME OF LATEST TRANSACTION | |
| control field | 20211209000315.0 |
| 008 - FIXED-LENGTH DATA ELEMENTS--GENERAL INFORMATION | |
| fixed length control field | 140220r19611947enk 000 0 eng d |
| 035 ## - SYSTEM CONTROL NUMBER | |
| System control number | (BD-RjUL)18642 |
| System control number | (OCoLC)5938590 |
| 040 ## - CATALOGING SOURCE | |
| Original cataloging agency | DLC |
| Transcribing agency | InU |
| Modifying agency | DLC |
| -- | BD-RjUL |
| Language of cataloging | eng |
| 041 ## - LANGUAGE CODE | |
| Language code of text/sound track or separate title | eng |
| 082 00 - DEWEY DECIMAL CLASSIFICATION NUMBER | |
| Classification number | 823.9 |
| Author mark and year | SNL 1961 |
| 100 1# - MAIN ENTRY--PERSONAL NAME | |
| Personal name | Snow, C. P. |
| Fuller form of name | (Charles Percy), |
| Dates associated with a name | 1905-1980. |
| 9 (RLIN) | 22516 |
| 245 14 - TITLE STATEMENT | |
| Title | The light and the dark : |
| Remainder of title | a novel / |
| Statement of responsibility, etc. | C. P. Snow, |
| 260 ## - PUBLICATION, DISTRIBUTION, ETC. (IMPRINT) | |
| Place of publication, distribution, etc. | London : |
| Name of publisher, distributor, etc. | Faber and Faber, |
| Date of publication, distribution, etc. | c1947 [Reprinted 1961] |
| 300 ## - PHYSICAL DESCRIPTION | |
| Pagination | 392 p. ; |
| Size | 19 cm. |
| 490 0# - SERIES STATEMENT | |
| Series statement | [His Strangers and brothers, 4] |
| 650 ## - SUBJECT ADDED ENTRY--TOPICAL TERM | |
| Topical term or geographic name as entry element | a novel |
| 9 (RLIN) | 57265 |
| 942 ## - ADDED ENTRY ELEMENTS (KOHA) | |
| Source of classification or shelving scheme | Dewey Decimal Classification |
| Koha item type | Books |
| Lost status | Source of classification or shelving scheme | Damaged status | Not for loan | Collection code | Permanent Location | Current Location | Shelving location | Date acquired | Source of acquisition | Cost, normal purchase price | Total Checkouts | Full call number | Date last seen | Copy number | Koha item type |
|---|---|---|---|---|---|---|---|---|---|---|---|---|---|---|---|
| Dewey Decimal Classification | Fiction | Central Library, University of Rajshahi | Central Library, University of Rajshahi | 04/04/1964 | Zeithlinger. | 12.00 | 823.9 SNL 1961 | 20/02/2014 | C-2 | Books | |||||
| Dewey Decimal Classification | Not For Loan | Non-fiction | Central Library, University of Rajshahi | Central Library, University of Rajshahi | Reading Room | 08/02/1963 | Zeitlinger | 823.9 SNL 1961 | 24/01/2024 | C-1 | Books |